Central Library OPAC University of Rajshahi

Islamic banking and finance : (Record no. 58447)

MARC details
000 -LEADER
fixed length control field 01299nam a2200289 a 4500
001 - CONTROL NUMBER
control field 58447
003 - CONTROL NUMBER IDENTIFIER
rucl marc code BD-RjUL
005 - DATE AND TIME OF LATEST TRANSACTION
control field 20211209080624.0
008 - FIXED-LENGTH DATA ELEMENTS--GENERAL INFORMATION
fixed length control field 161218s2001 enka b 101 0 eng
020 ## - INTERNATIONAL STANDARD BOOK NUMBER
International Standard Book Number 0860373762
International Standard Book Number 0860373819 (pbk.)
035 ## - SYSTEM CONTROL NUMBER
System control number (BD-RjUL)58571
040 ## - CATALOGING SOURCE
Original cataloging agency DLC
Transcribing agency DLC
Modifying agency DLC
Language of cataloging eng
041 ## - LANGUAGE CODE
Language code of text/sound track or separate title eng
082 00 - DEWEY DECIMAL CLASSIFICATION NUMBER
Classification number 332.1091767
Edition number 22
Author mark and year ISL 2001
245 10 - TITLE STATEMENT
Title Islamic banking and finance :
Remainder of title current developments in theory and practice /
Statement of responsibility, etc. edited by Munawar Iqbal.
260 ## - PUBLICATION, DISTRIBUTION, ETC. (IMPRINT)
Place of publication, distribution, etc. Leicester, UK :
Name of publisher, distributor, etc. Islamic Foundation,
Date of publication, distribution, etc. c2001.
300 ## - PHYSICAL DESCRIPTION
Pagination xxvi, 449 p. :
Illustrations ill. ;
Size 22 cm.
500 ## - GENERAL NOTE
General note Considered the first of two volumes containing the proceedings of the Fourth International Conference on Islamic Economics and Banking, held at Loughborough University UK, during August 13-15, 2000. Work considered second volume is entitled Islamic economic institutions and the elimination of poverty.
504 ## - BIBLIOGRAPHY, ETC. NOTE
Bibliography, etc Includes bibliographical references and index.
650 #0 - SUBJECT ADDED ENTRY--TOPICAL TERM
Topical term or geographic name as entry element Banks and banking
Geographic subdivision Islamic countries
Form subdivision Congresses.
9 (RLIN) 173573
Topical term or geographic name as entry element Finance
Geographic subdivision Islamic countries
Form subdivision Congresses.
9 (RLIN) 173574
700 1# - ADDED ENTRY--PERSONAL NAME
Personal name Iqbal, Munawar.
942 ## - ADDED ENTRY ELEMENTS (KOHA)
Source of classification or shelving scheme Dewey Decimal Classification
Koha item type Books
Holdings
Lost status Source of classification or shelving scheme Damaged status Not for loan Collection code Permanent Location Current Location Shelving location Date acquired Source of acquisition Cost, normal purchase price Total Checkouts Full call number Date last seen Copy number Koha item type
  Dewey Decimal Classification   Not For Loan Non-fiction Central Library, University of Rajshahi Central Library, University of Rajshahi Reading Room 21/09/2012 RUCL 1395.00   332.1091767 ISL 2001 18/12/2016 C-1 Books